| 000 | 00735cab a2200277 4500 | ||
|---|---|---|---|
| 001 | ABS42942 | ||
| 008 | 090401t1990 xxu||||| |||| 00| 0 eng d | ||
| 035 | _a(Sirsi) u39666 | ||
| 041 | _aeng | ||
| 100 | _aThomas, W. | ||
| 245 | 2 | _aA city comes in from the cold | |
| 260 | _c1990 | ||
| 350 | _a0 | ||
| 490 |
_aWorld Property _vJune 1990, 34-35(2) |
||
| 520 | _aReviews the likely effect of German unification on the commercial property market of Berlin . | ||
| 650 | _aDRESDEN | ||
| 650 | _aEAST GERMANY | ||
| 650 | _aEASTERN EUROPE | ||
| 650 | _aGERMANY | ||
| 650 | _aLEIPZIG | ||
| 650 | _aUNIFICATION | ||
| 650 | _aFEDERAL REPUBLIC OF GERMANY | ||
| 690 | _aOVERSEAS-EUROPE | ||
| 942 | _n0 | ||
| 948 | _c04/03/1997 | ||
| 999 |
_c25418 _d25418 |
||